[Event "CD Meyer Gedenkturnier 2020"]
[Site "Bremen"]
[Date "2020.10.12"]
[Round "3.7"]
[White "Reuker, Jari"]
[Black "Colbow, Collin"]
[Result "1-0"]
[WhiteElo "2399"]
[BlackElo "2247"]
[Annotator "TA"]
[PlyCount "93"]
[EventDate "2020.10.10"]
[EventType "swiss"]
[EventCountry "GER"]
[SourceTitle "playchess.com"]
[Source "ChessBase"]
[SourceQuality "1"]

{[%evp 24,93,39,39,50,33,47,39,30,33,64,59,49,15,43,32,67,84,67,100,86,94,66,65,69,95,85,69,65,83,80,0,49,10,479,479,454,449,558,558,847,600,12828,12825,12828,12828,12829,12827,12834,12835,12835,12835,12836,12836,12839,12839,12840,12840,12841,12841,12841,12842,12842,12843,12843,12843,12844,12844,12845,12845,12845,12846]} 1. e4 c5 2. Nf3 d6 3. d4 cxd4 4. Nxd4 Nf6 5. Nc3 Nc6 6. Bg5 e6 7. Qd2 a6 8. O-O-O Bd7 9. f4 b5 10. Bxf6 gxf6 11. Kb1 Qb6 12. Nxc6 Bxc6 13. f5 $1 {The main line 13.f5 scores better than 13.Qe1.} O-O-O {B67: Sicilian: Richter-Rauzer: 7...a6 8 0-0-0 Bd7, lines without 9 f4 Be7.} 14. fxe6 fxe6 15. Bd3 {[#]} Rg8 $146 {White is slightly better.} ({Predecessor:} 15... Kb8 16. Rhf1 Be7 17. Ne2 d5 18. exd5 Rxd5 19. Nf4 Rd6 20. Qe2 e5 21. Be4 Rhd8 22. Rxd6 Rxd6 {½-½ (40) Akopian,V (2684)-Ivanchuk,V (2710) Warsaw 2003}) 16. Rhf1 b4 17. Ne2 Rxg2 18. Rxf6 (18. Qe1 $5 {[%cal Re2f4]}) 18... Bg7 ({Of course not} 18... Rxh2 $6 19. Qf4 $18) 19. Rxe6 Be5 {[#]} 20. Rxe5 $1 {[%mdl 512]} dxe5 {[#]} 21. Bxa6+ $1 {[%mdl 512]} Bb7 (21... Qxa6 22. Qxd8+) 22. Bxb7+ {[%mdl 64] Overworked Piece} Kxb7 23. Qxd8 Qxd8 24. Rxd8 Rxe2 $16 {[%mdl 4096] Endgame KR-KR} 25. Kc1 (25. b3 {is more complex.} Rxe4 26. Rd2 Kb6 27. Kb2 Kc5 28. c3) 25... Kc6 $1 26. Rc8+ Kb5 27. Rd8 (27. h3 $16) 27... Rxe4 28. Rd3 Rh4 $2 {[%mdl 8192] This costs Black the game.} (28... Re2 $11 {and Black has nothing to worry.}) 29. Rd5+ $18 {White is clearly winning.} Kc6 30. Rxe5 Rxh2 {[#]} 31. b3 $1 h5 32. Kb2 h4 33. Re8 h3 {[#]} 34. Rc8+ $1 Kb6 35. a3 bxa3+ 36. Kxa3 Kb7 37. Rc5 Kb6 38. Kb4 Rg2 39. c4 h2 40. Rh5 Rb2 41. Rh6+ Kc7 42. Ka4 Rc2 43. Kb5 Rg2 44. c5 Kc8 45. b4 Rf2 46. Rh8+ Kc7 47. Rh7+ {Accuracy: White = 89%, Black = 58%.} 1-0

[Event "CD Meyer Gedenkturnier 2020"]
[Site "Bremen"]
[Date "2020.10.12"]
[Round "3.8"]
[White "Rafiee, Makan"]
[Black "Lubbe, Melanie"]
[Result "1-0"]
[WhiteElo "2336"]
[BlackElo "2254"]
[Annotator "TA"]
[PlyCount "103"]
[EventDate "2020.10.10"]
[EventType "swiss"]
[EventCountry "GER"]
[SourceTitle "playchess.com"]
[Source "ChessBase"]
[SourceQuality "1"]

{[%evp 23,103,9,66,24,97,95,110,97,103,92,127,125,141,119,129,122,147,114,115,113,218,227,184,185,337,300,320,259,286,225,282,193,227,176,243,187,262,255,289,295,379,370,576,600,557,448,437,426,498,301,414,296,599,580,599,591,1075,598,781,775,982,595,693,713,768,784,1173,982,985,977,932,912,1397,1437,1333,1333,29995,29996,29996,29997,29997,29998]} 1. e4 c5 2. Nf3 Nc6 3. d4 cxd4 4. Nxd4 Nf6 5. Nc3 e5 6. Ndb5 d6 7. Bg5 a6 8. Na3 b5 9. Bxf6 gxf6 10. Nd5 Bg7 11. g3 f5 12. Bg2 O-O (12... fxe4 $11 13. Bxe4 Rb8) 13. exf5 $14 {B33: Sicilian: Pelikan and Sveshnikov Variations.} e4 (13... Bxf5 $11 14. Ne3 Bd7) 14. Qh5 $16 {And now f6 would win.} ({Don't play} 14. Bxe4 $6 Bxb2 15. O-O Re8 $11) 14... Re8 15. O-O {White is better.} Re5 16. Ne3 d5 {[#]} 17. c3 $1 Ne7 {[%cal Re7f5] [#]} 18. Bh3 $1 Rb8 19. Nac2 Rb6 {[#] Black wants to play ...Rh6.} 20. Nd4 $146 ({Predecessor:} 20. f4 exf3 21. Qxf3 Rh6 22. Ng4 Rxh3 23. Nxe5 Qb6+ 24. Nd4 Nxf5 25. Rf2 Nd6 26. Nxf7 {1-0 (36) Zakrzewski,M (2267)-Pyda,Z (2293) Poronin 2020}) 20... Rh6 21. Qg4 Rg6 (21... Ng6 $16) 22. Qe2 $18 ({Stronger than} 22. fxg6 Bxg4 23. gxf7+ Kxf7 $11) 22... Rh6 23. Bg4 Kh8 $2 (23... Rf6 24. a4 b4 25. cxb4 Nc6) 24. a4 bxa4 25. Rxa4 Rb6 26. Rfa1 Ng8 27. Ra5 Nf6 28. Bh3 {Strongly threatening Nc4!} Re7 (28... Re8 $142 29. Bf1 Bh6) 29. Qd2 Reb7 (29... Rd7 $142 30. Bf1 Rdd6) 30. b4 ({Less strong is} 30. Rxa6 Rxb2 31. Qc1 Rb1 $16) 30... Rc7 31. Bf1 Rd6 32. Bxa6 Nd7 (32... Bd7 $142 33. Bb5 Bh6 34. Bxd7 Rdxd7) 33. Bxc8 Rxc8 34. Rxd5 Rxd5 35. Nxd5 Ne5 36. Ne3 Nd3 37. Ra5 Qc7 $2 (37... Bxd4 38. Rd5 {[%mdl 64] Double Attack} Qf6) 38. Nd5 Qd6 39. Qe3 Re8 40. Kg2 Bh6 41. Qe2 Qe5 42. Ne3 Qc7 43. Ng4 Bg5 44. f6 Qxc3 {[#]} 45. Qxe4 $1 {[%cal Re4e8][%mdl 512]} Ne1+ (45... Rxe4 46. Ra8+) 46. Kh3 {[%cal Re4e8]} Qc8 47. Qf5 Bd2 48. Qxc8 {[%mdl 64] Overworked Piece} Rxc8 49. Ne5 Bxb4 50. Nxf7+ {White mates.} Kg8 51. Nh6+ Kh8 52. Rg5 {Accuracy: White = 68%, Black = 31%.} 1-0

[Event "CD Meyer Gedenkturnier 2020"]
[Site "Bremen"]
[Date "2020.10.12"]
[Round "3.9"]
[White "Kardoeus, David"]
[Black "Papp, Sarah"]
[Result "1-0"]
[WhiteElo "2172"]
[BlackElo "2327"]
[Annotator "ChessBase"]
[PlyCount "85"]
[EventDate "2020.10.10"]
[EventType "swiss"]
[EventCountry "GER"]
[SourceTitle "playchess.com"]
[Source "ChessBase"]
[SourceQuality "1"]

1. e4 c5 2. Nf3 d6 3. Bb5+ Nc6 4. O-O Bd7 5. Re1 a6 6. Bd3 e5 7. a4 g6 8. Na3 Bg7 9. Nc4 Be6 10. c3 h6 11. Ne3 Nge7 12. Bc4 Bxc4 13. Nxc4 O-O 14. d3 Kh7 15. Ne3 d5 16. exd5 Nxd5 17. Qb3 Nf4 18. Rd1 Na5 19. Qc2 f5 20. Nc4 Nc6 21. Bxf4 exf4 22. Re1 b5 23. Nce5 Nxe5 24. Nxe5 Qd5 25. d4 cxd4 26. cxd4 Qxd4 27. Rad1 Qxa4 28. b3 Qa5 29. Qc6 Bxe5 30. Rxe5 Ra7 31. Rd7+ Rxd7 32. Qxd7+ Kh8 33. Qd4 Qd8 34. Qc3 Qf6 35. h3 Kh7 36. Kh2 h5 37. Qd4 f3 38. gxf3 Rd8 39. Qa7+ Kh6 40. f4 g5 41. fxg5+ Kxg5 42. Qe3+ Kg6 43. Re6 1-0

[Event "CD Meyer Gedenkturnier 2020"]
[Site "Bremen"]
[Date "2020.10.12"]
[Round "3.10"]
[White "Sreyas Payyappat"]
[Black "Coll Ortega, Jordi"]
[Result "1-0"]
[WhiteElo "2144"]
[BlackElo "2268"]
[Annotator "NA"]
[PlyCount "63"]
[EventDate "2020.10.10"]
[EventType "swiss"]
[EventCountry "GER"]
[SourceTitle "playchess.com"]
[Source "ChessBase"]
[SourceQuality "1"]

1. e4 c5 2. Nf3 e6 3. d4 cxd4 4. Nxd4 Nc6 5. Nb5 d6 6. c4 a6 7. Nd4 Nf6 8. Nc3 Be7 9. Be3 O-O 10. Be2 Qc7 11. Rc1 Ne5 12. f4 Ng6 13. O-O e5 14. fxe5 dxe5 15. Nf5 Bc5 16. Nd5 Nxd5 17. cxd5 Bxe3+ 18. Nxe3 Qb6 19. Qb3 Qd4 20. Rfd1 Qa7 21. Rc7 Nf4 22. Kf1 f5 23. d6+ Be6 24. Bc4 fxe4 25. Bxe6+ Nxe6+ 26. Ke2 Rf6 27. Ng4 Kh8 28. Nxf6 Nf4+ 29. Kf1 e3 30. Re1 e2+ 31. Rxe2 Nxe2 32. Qh3 1-0

[Event "CD Meyer Gedenkturnier 2020"]
[Site "Bremen"]
[Date "2020.10.12"]
[Round "3.11"]
[White "Pajeken, Jakob Leon"]
[Black "Steffens, Olaf"]
[Result "1-0"]
[WhiteElo "2332"]
[BlackElo "2171"]
[Annotator "NA"]
[PlyCount "59"]
[EventDate "2020.10.10"]
[EventType "swiss"]
[EventCountry "GER"]
[SourceTitle "playchess.com"]
[Source "ChessBase"]
[SourceQuality "1"]

1. d4 b5 2. e4 a6 3. Bd3 e6 4. Nf3 c5 5. c3 Bb7 6. O-O Nf6 7. Re1 h6 8. a4 c4 9. Bc2 Be7 10. Nbd2 d6 11. e5 dxe5 12. dxe5 Nd5 13. Nd4 Nc6 14. N2f3 b4 15. Nxc6 Bxc6 16. Nd4 Bb7 17. Qg4 g5 18. Qh5 Qd7 19. a5 b3 20. Be4 Bf8 21. Bxg5 Bg7 22. Bh4 Rg8 23. Bg3 O-O-O 24. Qe2 Kb8 25. Qxc4 h5 26. Nf3 Bh6 27. Qxb3 Rg4 28. Rad1 Rxe4 29. Rxe4 Qc7 30. Red4 1-0

[Event "CD Meyer Gedenkturnier 2020"]
[Site "Bremen"]
[Date "2020.10.13"]
[Round "4.1"]
[White "Donchenko, Alexander"]
[Black "Koellner, Ruben Gideon"]
[Result "1-0"]
[WhiteElo "2658"]
[BlackElo "2337"]
[Annotator "TA"]
[PlyCount "121"]
[EventDate "2020.10.10"]
[EventType "swiss"]
[EventCountry "GER"]
[SourceTitle "playchess.com"]
[Source "ChessBase"]
[SourceQuality "1"]

{[%evp 12,121,31,30,27,21,33,23,35,31,38,41,36,37,45,44,77,61,72,74,62,39,39,8,14,22,28,19,26,15,27,-32,-24,-39,3,7,52,38,78,89,104,85,77,83,77,87,80,32,33,11,22,0,0,0,0,0,0,0,59,69,61,62,45,38,69,72,53,57,45,11,13,0,0,0,29,33,79,13,0,0,0,0,0,0,0,0,0,0,0,0,29,0,0,0,99,95,108,76,66,66,189,177,2012,1929,1893,1758,1266,1245,1061,1032,1032,952]} 1. e4 d6 2. d4 Nf6 3. Nc3 e5 4. Nf3 Nbd7 {[%cal Bb8d7,Bd7c5,Bc5a6,Ba6b4][%mdl 32]} 5. Bc4 Be7 6. a4 O-O 7. O-O exd4 {C41: Philidor Defence.} 8. Qxd4 Nc5 9. h3 a5 {White has an edge.} 10. Re1 {[#]} Be6 $146 ({Predecessor:} 10... c6 11. Be3 Be6 12. e5 dxe5 13. Qxd8 Rfxd8 14. Bxc5 Bxc5 15. Bxe6 fxe6 16. Rxe5 Bb4 17. Rxe6 Bxc3 18. bxc3 {½-½ (40) Lansky,G (1960)-Adloff,R (2101) Hamburg 2019}) 11. Bf4 Nfd7 12. Rad1 Nb6 13. Bb5 Na6 14. Qd2 Nb4 15. Nd4 Bf6 16. Nxe6 fxe6 17. Be3 {Black should prevent Bxb6.} c6 18. Bf1 d5 $1 {[%cal Rd5d4]} 19. exd5 exd5 20. Bc5 Rf7 21. Qe2 (21. g3 $11) 21... Nd7 22. Bd6 Nf8 23. Ne4 Be7 24. Bg3 Ng6 25. c3 Na6 26. Qe3 Qf8 27. Ng5 Bxg5 28. Qxg5 Nc5 29. Rd4 Rf6 30. Qg4 Ne4 {[%cal Re4f2]} 31. Rdxe4 dxe4 32. Bc4+ Kh8 33. Qxe4 Qc5 34. Rd1 Raf8 (34... Rff8 $11) 35. Rd7 $14 b5 36. axb5 cxb5 37. Bd3 b4 38. Rc7 Qg5 39. cxb4 axb4 40. Qxb4 Nf4 41. Qe4 {[%csl Gd3][%cal Re4h7] [#]} Nxd3 42. Qxd3 Re6 43. Kh2 Qf6 44. Qc4 ({White should play} 44. b4 $16) 44... h6 $11 45. Qc2 Rfe8 46. b4 Re1 47. Rc8 Qe6 48. Rc6 Qd5 49. Qc3 {And now Rxh6+ would win.} Kh7 50. Rc7 {[%csl Gc7][%cal Rc3g7]} R1e7 (50... R8e7 {looks sharper.} 51. Qc2+ Kg8 52. Rc8+ Re8 53. Rc6 R8e2) 51. Qc2+ (51. Rc5 {keeps more tension.} Qd1 52. Be5 Rd7 53. b5 Qe2 54. Bd4) 51... Kg8 52. Rc5 $36 {[%mdl 2048] White fights for an advantage.} Qf7 (52... Qe4 $1 $11) 53. b5 $16 {Black must now prevent b6.} Re2 54. Qc3 Qg6 55. Rc7 {Threatens to win with b6!} R8e7 {Loses the game.} ({Black should try} 55... R8e6 $14) 56. Rc8+ Re8 $2 (56... Kh7) 57. Qb3+ $18 {White is clearly winning.} Qf7 58. Rxe8+ Rxe8 {[#]} 59. Qxf7+ $1 Kxf7 60. b6 Re7 61. Bc7 {Av CentiPawn Loss W=-14/B=-19. Weighted=-12/-22} 1-0

[Event "CD Meyer Gedenkturnier 2020"]
[Site "Bremen"]
[Date "2020.10.13"]
[Round "4.2"]
[White "Fier, Alexandr"]
[Black "Kollars, Dmitrij"]
[Result "1/2-1/2"]
[WhiteElo "2562"]
[BlackElo "2588"]
[Annotator "TA"]
[PlyCount "112"]
[EventDate "2020.10.10"]
[EventType "swiss"]
[EventCountry "GER"]
[SourceTitle "playchess.com"]
[Source "ChessBase"]
[SourceQuality "1"]

{[%evp 35,112,-25,21,0,6,-15,-12,-32,0,0,10,6,14,12,13,4,14,-18,0,-46,-44,-41,-42,-50,-50,-87,-83,-83,-83,-100,-104,-164,-181,-158,-82,-83,-87,-76,-98,-86,-99,-132,-131,-118,-48,-59,-38,-43,0,0,0,0,0,0,0,0,0,0,0,0,0,0,0,0,0,0,0,0,0,0,0,0,0,0,0,0,0,0,0]} 1. e4 e5 2. Nf3 Nc6 3. Bb5 a6 4. Ba4 Nf6 5. O-O Be7 6. Re1 b5 7. Bb3 d6 8. c3 O-O 9. h3 Bb7 10. d4 Re8 11. d5 Nb8 12. Nbd2 Nbd7 13. Nf1 Nc5 14. Bc2 c6 15. b4 Ncd7 {[%cal Bc5d7,Bd7b6,Bb6c4][%mdl 32]} 16. dxc6 Bxc6 17. Ng3 Nb6 18. Bb3 Bf8 19. Be3 {C92: Closed Ruy Lopez: 9...Be6, Karpov and Flohr-Zaitsev Variations.} h6 {[#]} 20. Nh2 $146 ({Predecessor:} 20. Qd3 Rc8 21. Bxb6 Qxb6 22. Nh2 a5 23. bxa5 Qxa5 24. Nf5 Bxe4 25. Rxe4 Rxc3 26. Nxh6+ gxh6 {1-0 (42) Gadimbayli,A (2447)-Solozhenkin,E (2387) Konyaalti 2019}) 20... Nc4 21. Qf3 d5 {[%cal Rd5e4]} (21... a5 {feels hotter.} 22. a3 Bd7 23. Ng4 Nxg4 24. Bxc4 bxc4 25. hxg4 g6) 22. Ng4 dxe4 23. Nxf6+ Qxf6 24. Qxf6 gxf6 25. Bxc4 bxc4 26. Bb6 Re6 27. a4 Rd6 28. a5 Rd3 29. Rac1 Kg7 30. Nxe4 {[#]} f5 $1 {[%cal Rf5e4]} 31. Ng3 Kf6 32. Bc7 Re8 33. h4 {[#]} (33. Rc2 $17) 33... f4 $1 $19 {[%cal Rf4g3]} 34. Ne4+ Kg7 ({Black should try} 34... Ke6 35. Nc5+ Bxc5 36. Rxe5+ Kd7 37. Rxe8 Kxc7) 35. f3 Rd7 36. Bb6 f5 37. Nf2 Re6 38. Re2 Kf7 39. Rce1 Bg7 (39... Rd5 $17 40. Bc7 Bg7) 40. Nh3 $1 $15 Rde7 41. Rd1 Bf6 42. Bd8 {The position is equal.} Rd7 43. Rxd7+ Bxd7 44. Bxf6 Kxf6 $11 {[%mdl 4096] Endgame KRB-KRN} 45. Rd2 Bc6 46. Kf2 Ke7 47. Ng1 Rd6 48. Rxd6 Kxd6 {KB-KN} 49. Ne2 Ke6 50. g3 fxg3+ 51. Nxg3 f4 52. Ne4 Bxe4 53. fxe4 Kd6 54. Ke2 Kc6 55. Kf2 Kd6 56. Ke2 Kc6 {And White is the lucky defender. Av CentiPawn Loss W=-6/B=-6. Weighted=-7/-5} 1/2-1/2

[Event "CD Meyer Gedenkturnier 2020"]
[Site "Bremen"]
[Date "2020.10.13"]
[Round "4.3"]
[White "Reuker, Jari"]
[Black "Edouard, Romain"]
[Result "0-1"]
[WhiteElo "2399"]
[BlackElo "2645"]
[Annotator "TA"]
[PlyCount "80"]
[EventDate "2020.10.10"]
[EventType "swiss"]
[EventCountry "GER"]
[SourceTitle "playchess.com"]
[Source "ChessBase"]
[SourceQuality "1"]

{[%evp 16,80,6,13,0,-6,10,-12,0,-43,-46,-82,-81,-98,-100,-94,-80,-86,-94,-79,-82,-237,-222,-206,-189,-163,-141,-146,-141,-150,-142,-145,-155,-143,-148,-124,-120,-162,-157,-157,-162,-222,-231,-167,-205,-204,-196,-299,-285,-371,-372,-333,-324,-612,-607,-673,-643,-573,-543,-5226,-4722,-29977,-29978,-29989,-29990,-29990,-29991]} 1. c4 e5 2. g3 Nf6 3. Bg2 Nc6 4. Nc3 g6 5. e3 Bg7 6. Nge2 O-O 7. O-O d6 8. d4 exd4 9. exd4 Re8 {E61: King's Indian: Early deviations for White, including Smyslov System.} 10. h3 a6 $5 {[%mdl 4] A promising side line.} 11. Be3 {[#]} Ne7 $146 {[%cal Bc6e7,Be7f5,Bf5e3][%mdl 32] The position is equal.} ({Predecessor:} 11... Bd7 12. Rc1 Rb8 13. b3 Ne7 14. g4 h5 15. g5 Nh7 16. Ng3 Nf5 17. Nxf5 Bxf5 {0-1 (60) Niesel,M (2285)-Souleidis,G Cologne 1991}) 12. g4 h5 13. gxh5 Nxh5 14. Ng3 Nxg3 15. fxg3 Nf5 16. Bf2 {[#]} Ne3 $1 $36 {[%cal Re3d1][%mdl 2048] Keeping White busy.} 17. Bxe3 Rxe3 18. Qd2 $2 (18. Kh2 $17) 18... Rxg3 $19 19. Ne4 {[#]} Rxg2+ $1 {[%mdl 512]} 20. Kxg2 (20. Qxg2 Bxd4+) 20... Qh4 21. Qe3 Bxh3+ 22. Qxh3 Qxe4+ {[%mdl 64] Double Attack} 23. Qf3 Qxf3+ 24. Rxf3 Bxd4 $17 {[%mdl 4096] Endgame KRR-KRB} 25. Re1 {With the idea Re7.} Be5 ({Much weaker is} 25... Bxb2 $6 26. Re7 $11) 26. c5 Kg7 ({Weaker is} 26... Bxb2 27. Re7 $11) 27. Rb3 Rb8 28. Re4 (28. a4 $142) 28... f5 $19 29. Reb4 dxc5 30. Rxb7 {[#]} Rd8 $1 31. R3b6 (31. Ra7 $142) 31... g5 32. Rxa6 g4 33. Re6 Rd5 34. Rb8 $2 (34. a4 f4 35. Rb3) 34... f4 35. Rbe8 Bd6 36. Kf2 g3+ 37. Kf3 Rd3+ 38. Ke2 c4 {Black mates.} 39. Re4 f3+ 40. Kf1 g2+ {Av CentiPawn Loss W=-89/B=-19. Weighted=-54/-9} 0-1

[Event "CD Meyer Gedenkturnier 2020"]
[Site "Bremen"]
[Date "2020.10.13"]
[Round "4.4"]
[White "Grigorian, Spartak"]
[Black "Johansson, Linus"]
[Result "1/2-1/2"]
[WhiteElo "2433"]
[BlackElo "2492"]
[Annotator "TA"]
[PlyCount "84"]
[EventDate "2020.10.10"]
[EventType "swiss"]
[EventCountry "GER"]
[SourceTitle "playchess.com"]
[Source "ChessBase"]
[SourceQuality "1"]

{[%evp 16,84,20,23,18,32,23,17,18,5,18,0,0,33,43,0,0,0,0,0,0,-7,0,-23,0,0,0,0,0,0,0,0,26,-43,-43,-54,-50,-31,-30,-19,-13,-31,-18,-13,-19,-20,-22,-19,0,-64,33,37,33,0,0,0,0,0,0,0,0,0,0,0,0,0,0,0,0,0,0]} 1. e4 c5 2. Nf3 Nc6 3. Bb5 g6 4. Bxc6 dxc6 5. d3 Bg7 6. h3 Nf6 7. Nc3 Nd7 8. Be3 e5 9. Qd2 h6 {B31: Sicilian: 2...Nc6 3 Bb5 g6.} 10. O-O b6 $1 {[%mdl 4] outshines the older 10...Qe7.} 11. a3 Nf8 12. b4 Ne6 13. bxc5 f5 14. exf5 gxf5 15. Qe2 {[#]} O-O $146 (15... e4 $6 16. dxe4 Bxc3 17. Rad1 $16) ({Predecessor:} 15... bxc5 16. Rad1 O-O 17. Bc1 Nd4 18. Nxd4 cxd4 19. Nb1 Qd5 20. Nd2 Ba6 21. Rfe1 e4 {½-½ (41) Radlovacki,J (2328)-Dikic,V (2052) Vrnjacka Banja 2019}) 16. Bd2 bxc5 17. Rae1 ({Don't play} 17. Nxe5 Nd4 $17) 17... Nd4 {[%mdl 64] [#] Double Attack} 18. Qd1 Qd6 19. Na4 Rb8 20. Nxd4 Qxd4 21. Nc3 c4 22. Ne2 Qd6 23. d4 Rd8 24. Qc1 (24. Bb4 $11 Qc7 25. Ng3) 24... c5 $15 25. c3 Bb7 $1 26. Ng3 $1 {[%cal Rg3f5]} Qc6 {[%csl Gb7][%cal Rc6g2] [#]} ({Much worse is} 26... cxd4 $6 27. Nxf5 Qf6 28. Nxg7 $14) 27. f3 Qg6 ({Avoid the trap} 27... cxd4 $2 28. Nxf5 Qf6 29. Nxg7 $18) 28. Ne2 {Black should prevent dxe5.} cxd4 29. cxd4 exd4 30. Qxc4+ Bd5 31. Qc7 {next Nf4 is good for White.} Qb6 32. Ba5 (32. Qxb6 $11 axb6 33. Ng3) 32... Qxc7 ({Better is} 32... Qa6 $1 $15 33. Ng3 Rbc8) 33. Bxc7 $14 Bc4 34. Bxd8 Rxd8 {The position is equal.} 35. Nf4 {Black must now prevent Ne6.} Bxf1 36. Kxf1 $11 {[%mdl 4096] Endgame KRB-KRN} d3 37. Rd1 d2 38. Ne6 Rd3 39. Nxg7 Kxg7 40. Ke2 Rxa3 41. Rxd2 Ra4 42. g3 Ra6 {Av CentiPawn Loss W=-6/B=-6. Weighted=-8/-5} 1/2-1/2

[Event "CD Meyer Gedenkturnier 2020"]
[Site "Bremen"]
[Date "2020.10.13"]
[Round "4.5"]
[White "Colbow, Collin"]
[Black "Schulze, Lara"]
[Result "1/2-1/2"]
[WhiteElo "2247"]
[BlackElo "2314"]
[Annotator "TA"]
[PlyCount "65"]
[EventDate "2020.10.10"]
[EventType "swiss"]
[EventCountry "GER"]
[SourceTitle "playchess.com"]
[Source "ChessBase"]
[SourceQuality "1"]

{[%evp 9,65,4,12,0,0,-30,-37,-35,-33,-30,-15,-39,-16,-35,-29,-42,-37,-35,-27,-30,-21,-31,-35,-25,-27,-34,-31,-51,-15,-26,0,0,12,-10,0,-25,-22,-28,-9,-11,0,-8,-8,-18,-4,-11,0,0,-3,-17,-9,-15,0,0,0,-14,-18,-18]} 1. e4 e5 2. Nf3 Nc6 3. Bb5 a6 4. Ba4 Nf6 5. Nc3 Bc5 6. d3 {C77: Ruy Lopez: 3...a6 4 Ba4 Nf6, unusual lines.} d6 7. Nd5 Nxd5 8. exd5 {[%mdl 64] [#] Pin. Black is slightly better.} b5 9. dxc6 {Black must now prevent Bb3.} bxa4 10. c3 a3 11. b4 {[#]} Ba7 $146 ({Predecessor:} 11... Bb6 12. Be3 Rb8 13. d4 e4 14. Ng5 O-O 15. Qh5 h6 16. Nh3 Ba7 17. Nf4 Rb5 {0-1 (48) Sadikhov,U (2488)-Anton Guijarro,D (2643) Skopje 2019}) 12. Be3 Bxe3 13. fxe3 O-O 14. O-O Qe8 15. Qa4 e4 16. dxe4 Qxe4 17. Rae1 Be6 18. Nd4 Bd5 {[%csl Gd5][%cal Re4g2] [#]} 19. Rf2 f5 20. Qxa3 Rf6 21. Qc1 Re8 22. Ree2 Bxc6 23. c4 Bb7 24. c5 {The position is equal.} Bd5 25. Qc3 dxc5 26. Qxc5 c6 27. Qc3 Bxa2 28. Rf4 Qd5 29. Rd2 Qf7 $1 30. Nxc6 Qc7 31. Rxa2 Rxc6 32. Qb3+ Kh8 33. Ra1 {Av CentiPawn Loss W=-8/B=-7. Weighted=-9/-8} 1/2-1/2

[Event "CD Meyer Gedenkturnier 2020"]
[Site "Bremen"]
[Date "2020.10.13"]
[Round "4.6"]
[White "Papp, Gabor"]
[Black "Rafiee, Makan"]
[Result "1-0"]
[WhiteElo "2602"]
[BlackElo "2336"]
[Annotator "TA"]
[PlyCount "101"]
[EventDate "2020.10.10"]
[EventType "swiss"]
[EventCountry "GER"]
[SourceTitle "playchess.com"]
[Source "ChessBase"]
[SourceQuality "1"]

{[%evp 18,101,46,55,99,90,199,197,208,200,198,204,197,190,205,192,196,201,190,147,150,137,156,151,137,159,145,150,154,125,165,27,20,0,0,0,0,0,10,0,37,0,0,0,0,0,0,0,0,0,0,0,226,0,0,0,635,0,391,0,996,1069,1569,1422,1245,1111,12839,1635,12840,12840,12841,12841,12841,12842,12842,12842,12842,12843,12843,12843,12849,12844,12848,12848,29992,1841]} 1. Nf3 Nf6 2. g3 d5 3. Bg2 e6 4. c4 Be7 5. d4 O-O 6. Nc3 c5 7. cxd5 Nxd5 8. Nxd5 Qxd5 9. O-O Nc6 10. Be3 cxd4 {D41: Queen's Gambit Declined: Semi-Tarrasch with 5 cxd5.} 11. Nxd4 Qa5 (11... Qc4 $16 {was called for.}) 12. Bxc6 $18 (12. Nxc6 $6 bxc6 13. a3 (13. Bxc6 Rb8 $14) 13... Qb5 $16) 12... bxc6 {White is clearly better.} 13. Nxc6 Qc7 14. Rc1 $1 Bf6 15. Nxa7 $1 Qb7 16. Nxc8 Rfxc8 17. Rxc8+ Qxc8 {[#]} 18. Qb3 $146 ({Predecessor:} 18. Bd4 Rxa2 19. Qc1 Qb7 20. Qc4 Ra8 21. Bxf6 gxf6 22. b4 Ra4 23. Rb1 f5 24. e3 {1-0 (41) Laxman,R (2503)-Debasish,M (2210) Gurgaon 2010}) 18... Qa6 19. a3 Qxe2 20. Qb7 Rd8 21. b4 h5 22. h4 Rd5 23. Rc1 Bxh4 24. Qc8+ ({Weaker is} 24. gxh4 Qg4+ 25. Kh2 Qxh4+ 26. Kg2 Qg4+ 27. Kf1 Qh3+ 28. Kg1 Qg4+ 29. Kh2 (29. Kf1 Qh3+ 30. Kg1 Qg4+ 31. Kh2 Qh4+ 32. Kg2 Qg4+ 33. Kf1 $11) 29... Qh4+ 30. Kg2 Qg4+ 31. Kf1 Qh3+ 32. Kg1 Qg4+ 33. Kh2 (33. Kf1 Qh3+ $11) 33... Qh4+ $11) (24. Kg2 $18) 24... Bd8 $1 $11 25. Bg5 Qd3 26. Bxd8 Rxd8 {[%mdl 4096] Endgame KQR-KQR} 27. Qc3 Qe2 28. Re1 Qg4 29. b5 {Hoping for b6.} h4 $1 30. b6 {b7 is the strong threat.} hxg3 31. fxg3 {Strongly threatening b7.} Rb8 32. Rb1 Qe4 33. Rb4 Qe2 34. b7 g5 $2 (34... Qd1+ $11 35. Kf2 Qd7) 35. Rb2 $2 ({Stronger than} 35. Qc8+ Kg7 $11) ({White has to play} 35. Rb1 $1 $18) 35... Qd1+ $1 36. Kh2 Qd6 $2 {[%mdl 8192] [#] Black is on the road to losing.} (36... Qd7 $11) 37. Rb5 $2 (37. Rc2 $1 $18 Kh7 {[#]} 38. Qc7 $1 {[%mdl 512]}) 37... Kf8 $2 {[%mdl 8192]} (37... f5 $1 $11 {and Black is okay.}) 38. Rxg5 $2 ({White must play} 38. a4 $18 Ke7 39. a5) 38... Ke7 $2 {[%mdl 8192]} (38... Qb6 $11) 39. Rb5 $18 Kd7 40. Rb2 Ke7 41. a4 {[%cal Ba3a4,Ba4a5,Ba5a6][%mdl 32]} e5 42. Qb4 Qxb4 43. Rxb4 {KR-KR} Kd7 44. a5 Kc7 45. a6 {White threatens a7 and mate.} Rh8+ 46. Rh4 Rf8 47. Rc4+ Kb8 48. g4 Rd8 49. Kg3 Rd3+ 50. Kf2 Rb3 51. Rc8+ {Av CentiPawn Loss W=-93/B=-145. Weighted=-112/-203} 1-0